书目信息 |
| 题名: |
公共治理与公共服务
|
|
| 作者: | 周庆智 主编 | |
| 分册: | ||
| 出版信息: | 北京 社会科学文献出版社 2013 |
|
| 页数: | 268页 | |
| 开本: | 24cm | |
| 丛书名: | ||
| 单 册: | ||
| 中图分类: | D675.34 | |
| 科图分类: | ||
| 主题词: | 公共管理--研究--昆山 , 公共管理 | |
| 电子资源: | ||
| ISBN: | 978-7-5097-5303-3 | |
| 000 | 01225nam0 2200265 450 | |
| 001 | 523 | |
| 005 | 20140905101106.98 | |
| 010 | @a978-7-5097-5303-3@dCNY59.00 | |
| 100 | @a20131223d2013 em y0chiy50 ea | |
| 101 | 0 | @achi |
| 102 | @aCN@b110000 | |
| 105 | @ay z 000yy | |
| 106 | @ar | |
| 200 | 1 | @a公共治理与公共服务@AGong Gong Zhi Li Yu Gong Gong Fu Wu@dPublic administration and public services@e昆山市基本公共服务调研报告@EKun Shan Shi Ji Ben Gong Gong Fu Wu Diao Yan Bao Gao@f周庆智主编@FZhou Qing Zhi Zhu Bian@zeng |
| 210 | @a北京@c社会科学文献出版社@d2013 | |
| 215 | @a268页@d24cm | |
| 330 | @a本书主要分为一个总报告和七个分报告:总报告对昆山基本公共服务的制度创新因素做出全面的梳理、归纳和分析;七个分报告分别就昆山的公共就业服务、社会保障、保障性住房、义务教育、基本医疗卫生、公共文化体育、福利救助服务的供给和均等化七个方面加以介绍和概括。 | |
| 510 | 1 | @aPublic administration and public services@zeng |
| 517 | 1 | @a昆山市基本公共服务调研报告@AKun Shan Shi Ji Ben Gong Gong Fu Wu Diao Yan Bao Gao |
| 606 | 0 | @a公共管理@x研究@y昆山 |
| 606 | 0 | @a公共管理 |
| 690 | @aD675.34@v5 | |
| 701 | 0 | @a周庆智@AZhou Qing Zhi@f(1960~)@4主编 |
| 801 | 0 | @aCN@bTANGWEI@c20140603 |
| 905 | @b0839938-40@dD675.34@e58@f3 | |
| 公共治理与公共服务=Public administration and public services:昆山市基本公共服务调研报告/周庆智主编.-北京:社会科学文献出版社,2013 |
| 268页;24cm |
| ISBN 978-7-5097-5303-3:CNY59.00 |
| 本书主要分为一个总报告和七个分报告:总报告对昆山基本公共服务的制度创新因素做出全面的梳理、归纳和分析;七个分报告分别就昆山的公共就业服务、社会保障、保障性住房、义务教育、基本医疗卫生、公共文化体育、福利救助服务的供给和均等化七个方面加以介绍和概括。 |
| ● |
| 相关链接 |
|
|
|
|
正题名:公共治理与公共服务
索取号:D675.34/58
 
预约/预借
| 序号 | 登录号 | 条形码 | 馆藏地/架位号 | 状态 | 备注 |
| 1 | 0839938 | 208399384 | 第一样本阅览室/ [索取号:D675.34/58] | 在馆 | |
| 2 | 0839939 | 208399393 | 密集书库-史法系/ [索取号:D675.34/58] | 在馆 | |
| 3 | 0839940 | 208399400 | 第一借阅区/ [索取号:D675.34/58] | 在馆 |